000 00851nam a2200205 i 4500
001 190093
003 ES-MaACL
005 20250809063546.0
008 200702s2015 sp s |||| |dspa d
100 1 _aHerrán Acebes, Alfonso
_9138860
245 1 0 _aVíctor Masriera [
_hRecurso electrónico]
_b: pedagogo e impulsor del mensaje de las vanguardias en el Ateneo de Madrid /
_cAlfonso Herrán Acebes.
260 _a[Madrid :
_bUCM,
_c2015]
300 _a[8 p. :
_b1 retr. ;
_c30 cm]
595 _aPublicado en la revista E-Innova BUCM, n. 44, octubre 2015.
600 1 4 _aMasriera, Víctor,
_d1875-1938
_978777
610 2 4 _aAteneo de Madrid-
_vHistoria
_91925
710 2 _aUniversidad Complutense de Madrid.
_97098
856 4 _uhttp://webs.ucm.es/BUCM/revcul//e-learning-innova/144/art1965.pdf
_zE-Innova BUCM
999 _c190093
_d190093